[Event "Oakville Winter op U2100"]
[Site "Oakville"]
[Date "2019.01.27"]
[Round "4.14"]
[White "Xiang, Christopher"]
[Black "Qiao, Joey"]
[Result "0-1"]
[WhiteElo "1700"]
[BlackElo "1702"]
[PlyCount "54"]
[EventDate "2019.01.25"]
[EventType "swiss"]
[EventRounds "5"]
[EventCountry "CAN"]
[SourceTitle "EXT 2022"]
[Source "ChessBase"]
[SourceDate "2021.10.06"]
[SourceVersion "1"]
[SourceVersionDate "2021.10.06"]
[SourceQuality "1"]

1. e4 e5 2. Nf3 Nc6 3. d4 exd4 4. Nxd4 Bc5 5. Nxc6 bxc6 6. Bd3 d5 7. 0-0 Ne7 8. Qe2 0-0 9. Be3 Bd6 10. Nd2 f5 11. f3 Ng6 12. exf5 Bxf5 13. Nb3 Bxd3 14. cxd3 Qf6 15. Qf2 Ne5 16. Rfd1 Qg6 17. Kh1 Nxd3 18. Qc2 Qh5 19. g4 Nb4 20. Qg2 Qg6 21. Bc5 Bxc5 22. Nxc5 Nc2 23. Rac1 Ne3 24. Qe2 Nxd1 25. Qxd1 Rf7 26. Qe2 Raf8 27. Kg2 Qf6 0-1

[Event "CAN-ch U20 U1800"]
[Site "Toronto"]
[Date "2018.08.11"]
[Round "7.17"]
[White "Gao, William"]
[Black "Xiang, Christopher"]
[Result "0-1"]
[WhiteElo "1529"]
[BlackElo "1640"]
[PlyCount "92"]
[EventDate "2018.08.08"]
[EventType "swiss"]
[EventRounds "9"]
[EventCountry "CAN"]
[SourceTitle "EXT 2022"]
[Source "ChessBase"]
[SourceDate "2021.10.06"]
[SourceVersion "1"]
[SourceVersionDate "2021.10.06"]
[SourceQuality "1"]

1. e4 c5 2. Nf3 d6 3. d4 cxd4 4. Nxd4 Nf6 5. Nc3 g6 6. Be3 Bg7 7. f3 0-0 8. Bc4 Nc6 9. g4 Bd7 10. h4 h5 11. gxh5 Nxh5 12. Qd2 Rc8 13. Bb3 Ne5 14. Bh6 Nc4 15. Bxc4 Rxc4 16. Bxg7 Kxg7 17. Nb3 Be6 18. 0-0-0 Qc7 19. f4 Rc8 20. f5 Bd7 21. Rh3 b5 22. fxg6 Bxh3 23. gxf7 Nf6 24. f8Q+ Kxf8 25. Qh6+ Kf7 26. Rg1 Rg8 27. Rxg8 Kxg8 28. Qg5+ Kf7 29. Qxb5 Qc6 30. Qg5 Qd7 31. Nd2 Rc8 32. Nf3 Qg4 33. Qxg4 Bxg4 34. Ng5+ Kg6 35. Kd2 Kh5 36. Ke3 Kxh4 37. Nf3+ Bxf3 38. Kxf3 Rf8 39. Ke3 Ng4+ 40. Kd4 Kg5 41. Nb5 Rb8 42. c4 a6 43. Nc7 Rxb2 44. Nxa6 Rxa2 45. Nb4 Rd2+ 46. Kc3 Re2 0-1

[Event "CAN-ch U20 U1800"]
[Site "Toronto"]
[Date "2018.08.09"]
[Round "2.22"]
[White "Xiang, Christopher"]
[Black "Shi, Michael"]
[Result "1/2-1/2"]
[WhiteElo "1640"]
[BlackElo "1486"]
[PlyCount "76"]
[EventDate "2018.08.08"]
[EventType "swiss"]
[EventRounds "9"]
[EventCountry "CAN"]
[SourceTitle "EXT 2022"]
[Source "ChessBase"]
[SourceDate "2021.10.06"]
[SourceVersion "1"]
[SourceVersionDate "2021.10.06"]
[SourceQuality "1"]

1. e4 e5 2. Nf3 Nc6 3. d4 exd4 4. Nxd4 Bc5 5. Nxc6 bxc6 6. Bd3 d6 7. 0-0 Nf6 8. Nc3 0-0 9. Bg5 Be6 10. Qf3 h6 11. Bxf6 Qxf6 12. Qxf6 gxf6 13. Na4 Bb6 14. Nxb6 axb6 15. a3 d5 16. Rad1 Rfd8 17. Rfe1 Ra4 18. exd5 Rxd5 19. Be2 Rad4 20. Rxd4 Rxd4 21. Bd3 c5 22. Re4 f5 23. Rxd4 cxd4 24. f4 Kg7 25. b4 Bd7 26. Kf2 Kf6 27. Kg3 Bc6 28. Kh3 b5 29. g3 Be4 30. Kh4 Bxd3 31. cxd3 Kg6 32. h3 h5 33. g4 hxg4 34. hxg4 fxg4 35. Kxg4 f5+ 36. Kh4 Kh6 37. Kg3 Kh5 38. Kh3 c6 1/2-1/2

[Event "CAN-ch U12"]
[Site "Sault Ste Marie"]
[Date "2017.07.10"]
[Round "7.58"]
[White "Xiang, Christopher"]
[Black "Rusonik, Max"]
[Result "0-1"]
[WhiteElo "1271"]
[BlackElo "1846"]
[PlyCount "102"]
[EventDate "2017.07.06"]
[EventType "swiss"]
[EventRounds "7"]
[EventCountry "CAN"]
[SourceTitle "EXT 2022"]
[Source "ChessBase"]
[SourceDate "2021.10.06"]
[SourceVersion "1"]
[SourceVersionDate "2021.10.06"]
[SourceQuality "1"]

1. e4 e5 2. Nf3 Nc6 3. d4 exd4 4. Nxd4 Nf6 5. Nc3 Bb4 6. Nxc6 bxc6 7. Bd3 d6 8. h3 h6 9. 0-0 0-0 10. Qf3 Bb7 11. a3 Bxc3 12. bxc3 Re8 13. Re1 c5 14. Qg3 Kh8 15. f3 Rb8 16. Bd2 Nd7 17. Kh1 Qf6 18. Rab1 Bc6 19. a4 Bxa4 20. Ra1 Nb6 21. Reb1 c4 22. Bxc4 Nxc4 23. Rxb8 Rxb8 24. Rxa4 Nxd2 25. Qf2 Rb1+ 26. Kh2 Qf4+ 27. g3 Qxf3 28. Qxf3 Nxf3+ 29. Kg2 Ne1+ 30. Kf2 Nxc2 31. Rxa7 c5 32. Rxf7 Rb3 33. Rd7 Rxc3 34. Rxd6 Nd4 35. e5 Rc2+ 36. Kf1 Nf5 37. Rd3 c4 38. Rf3 Nd4 39. Re3 Ne6 40. Ke1 Kg8 41. Kd1 Rh2 42. h4 Kf7 43. Rc3 Rg2 44. Rxc4 Rxg3 45. Ke2 Ra3 46. Rg4 Ra5 47. Re4 Kg6 48. Kf3 Ra3+ 49. Kg2 Kf5 50. Re1 Nf4+ 51. Kf2 Nd3+ 0-1

[Event "CAN-ch U12"]
[Site "Sault Ste Marie"]
[Date "2017.07.07"]
[Round "4.64"]
[White "Gao, Raymond"]
[Black "Xiang, Christopher"]
[Result "0-1"]
[WhiteElo "1537"]
[BlackElo "1271"]
[PlyCount "142"]
[EventDate "2017.07.06"]
[EventType "swiss"]
[EventRounds "7"]
[EventCountry "CAN"]
[SourceTitle "EXT 2022"]
[Source "ChessBase"]
[SourceDate "2021.10.06"]
[SourceVersion "1"]
[SourceVersionDate "2021.10.06"]
[SourceQuality "1"]

1. e4 c5 2. c3 Nf6 3. e5 Nd5 4. d4 cxd4 5. cxd4 d6 6. Nf3 g6 7. Bc4 Nb6 8. Bb3 Bg7 9. 0-0 0-0 10. Nc3 Nc6 11. Bf4 Bg4 12. h3 Bxf3 13. Qxf3 Nxd4 14. Qxb7 dxe5 15. Bg5 Re8 16. Rfd1 Qd7 17. Qe4 Qf5 18. Qxf5 Nxf5 19. Nd5 Nxd5 20. Rxd5 Red8 21. Rad1 Rxd5 22. Rxd5 h6 23. Be3 Nd4 24. Bc4 Rc8 25. b3 e6 26. Rd7 Ra8 27. f4 Nc6 28. fxe5 Bxe5 29. Bb5 Nb4 30. a4 a6 31. Bc4 g5 32. Ra7 Rxa7 33. Bxa7 Kg7 34. Bc5 a5 35. Bxb4 axb4 36. a5 Kg6 37. Kf2 Kf5 38. Be2 Bb8 39. Ke3 Ke5 40. Kd3 Kf4 41. Kc4 Kg3 42. Bf3 f5 43. a6 e5 44. Kxb4 e4 45. Bd1 Kxg2 46. Kb5 Ba7 47. Kc6 f4 48. b4 f3 49. b5 f2 50. Be2 f1Q 51. Bxf1+ Kxf1 52. b6 Bxb6 53. Kxb6 e3 54. a7 e2 55. a8Q e1Q 56. Qh1+ Ke2 57. Qe4+ Kf2 58. Qc2+ Qe2 59. Qf5+ Kg2 60. Kc5 Qf2+ 61. Qxf2+ Kxf2 62. Kd5 Kg3 63. Ke4 Kxh3 64. Kf3 g4+ 65. Kf2 g3+ 66. Kg1 h5 67. Kf1 g2+ 68. Kf2 Kh2 69. Kf3 g1Q 70. Kf4 Qg2 71. Ke5 Kg3 0-1

[Event "CAN-ch U12"]
[Site "Sault Ste Marie"]
[Date "2017.07.07"]
[Round "3.69"]
[White "Xiang, Christopher"]
[Black "Zhao, Ian"]
[Result "0-1"]
[WhiteElo "1271"]
[BlackElo "1930"]
[PlyCount "64"]
[EventDate "2017.07.06"]
[EventType "swiss"]
[EventRounds "7"]
[EventCountry "CAN"]
[SourceTitle "EXT 2022"]
[Source "ChessBase"]
[SourceDate "2021.10.06"]
[SourceVersion "1"]
[SourceVersionDate "2021.10.06"]
[SourceQuality "1"]

1. e4 e5 2. Nf3 Nc6 3. d4 exd4 4. Nxd4 Bc5 5. Nxc6 Qf6 6. Qf3 dxc6 7. Qxf6 Nxf6 8. Nc3 Be6 9. Bf4 0-0-0 10. Bd3 h6 11. 0-0 Bd4 12. Rad1 g5 13. Be3 Bxe3 14. fxe3 Ng4 15. Rde1 Ne5 16. Rd1 Rd6 17. Be2 Rhd8 18. Rxd6 cxd6 19. Rf6 Rh8 20. Bh5 Kd7 21. Ne2 Ke7 22. Rf1 Nc4 23. Kf2 Nd2 24. Rd1 Nxe4+ 25. Kf3 Bd5 26. Rxd5 cxd5 27. Nd4 Kf6 28. Nb5 Rc8 29. c3 a6 30. Bg4 Rd8 31. Nc7 Ke5 32. Ke2 f5 0-1

[Event "CAN-ch U12"]
[Site "Windsor"]
[Date "2016.07.08"]
[Round "7.61"]
[White "Makarczyk, David"]
[Black "Xiang, Christopher"]
[Result "1-0"]
[WhiteElo "1215"]
[BlackElo "1007"]
[PlyCount "57"]
[EventDate "2016.07.05"]
[EventType "swiss"]
[EventRounds "7"]
[EventCountry "CAN"]
[SourceTitle "EXT 2022"]
[Source "ChessBase"]
[SourceDate "2021.10.06"]
[SourceVersion "1"]
[SourceVersionDate "2021.10.06"]
[SourceQuality "1"]

1. e4 c5 2. c3 Nf6 3. e5 Nd5 4. d4 cxd4 5. cxd4 d6 6. Nf3 Nc6 7. Bc4 Nb6 8. Bb5 Bd7 9. exd6 exd6 10. 0-0 Be7 11. Nc3 0-0 12. Re1 Re8 13. Bf4 a6 14. Bd3 Bg4 15. Be2 d5 16. Ne5 Bxe2 17. Rxe2 Nxe5 18. Bxe5 Bd6 19. Bxd6 Qxd6 20. b3 Rxe2 21. Qxe2 Rc8 22. Qe3 Qc6 23. Rc1 Nd7 24. Ne2 Qxc1+ 25. Nxc1 Nf6 26. f3 Re8 27. Qc3 Kf8 28. Kf2 Ke7 29. Qc7+ 1-0

[Event "CAN-ch U12"]
[Site "Windsor"]
[Date "2016.07.07"]
[Round "4.68"]
[White "Quinlan, Jamie"]
[Black "Xiang, Christopher"]
[Result "0-1"]
[WhiteElo "877"]
[BlackElo "1007"]
[PlyCount "22"]
[EventDate "2016.07.05"]
[EventType "swiss"]
[EventRounds "7"]
[EventCountry "CAN"]
[SourceTitle "EXT 2022"]
[Source "ChessBase"]
[SourceDate "2021.10.06"]
[SourceVersion "1"]
[SourceVersionDate "2021.10.06"]
[SourceQuality "1"]

1. e4 c5 2. Nf3 d6 3. Bc4 Nf6 4. Nc3 g6 5. d3 Bg7 6. Be3 0-0 7. 0-0 Nc6 8. Qd2 Bg4 9. Bh6 Bxf3 10. g3 Qd7 11. Bxg7 Qh3 0-1